Pruebas y evaluación psicológicas: introducción a las pruebas y a la medición
Guardat en:
| Autors principals: | , |
|---|---|
| Format: | Llibre |
| Idioma: | espanyol |
| Publicat: |
Ciudad de México
McGraw-Hill
2000
|
| Matèries: | |
| Etiquetes: |
Afegir etiqueta
Sense etiquetes, Sigues el primer a etiquetar aquest registre!
|
MARC
| LEADER | 00000nam a2200000 a 4500 | ||
|---|---|---|---|
| 001 | UCN8981 | ||
| 003 | CL-VaPUC | ||
| 008 | 011123e20001000MX |||||||||||||||||spa|d | ||
| 082 | 0 | 4 | |a 155.28 |b COH |2 21 |
| 100 | 0 | |a Cohen, Ronald Jay |e author |9 465532 | |
| 700 | 0 | |a Swerdlik, Mark E |e author |9 465533 | |
| 245 | 1 | 0 | |a Pruebas y evaluación psicológicas: introducción a las pruebas y a la medición |
| 300 | |a 807 p | ||
| 942 | |c BK | ||
| 945 | |d 20011123 00:00:00 |a cmena | ||
| 260 | |a Ciudad de México |b McGraw-Hill |c 2000 | ||
| 650 | 0 | |a Tests psicológicos |9 308644 | |
| 650 | 0 | |a Desarrollo individual |9 307875 | |
| 650 | 7 | |a INTELIGENCIA - TESTS |2 CL-VaPUC |9 465534 | |
| 650 | 7 | |a PERSONALIDAD - TESTS |2 CL-VaPUC |9 465535 | |
| 583 | |a last modification |c 20011123 00:00:00 |k Rodrigo Vera | ||
| 999 | |c 298652 |d 298650 | ||
| 952 | |0 0 |1 0 |4 0 |6 155_280000000000000_COH_2000 |7 0 |8 A |9 354412 |a BIBEDU |b BIBEDU |d 2019-11-21 |i 3756874 |o 155.28 COH 2000 |p 3756874 |r 2019-11-21 |w 2019-11-21 |y BK |k PSI | ||